Протоколы заседания С.-Петербургского отдела Общества любителей духовного просвещения... (Запись № 3638655)

Подробности
000 -МАРКЕР
контрольное поле 01307nam1a22002411i 4500
001 - ИДЕНТИФИКАТОР ЗАПИСИ
контрольное поле v19\rc\1219669
005 - ИДЕНТИФИКАТОР ВЕРСИИ
контрольное поле 20260406203247.0
035 ## - ДРУГИЕ СИСТЕМНЫЕ НОМЕРА
Идентификатор записи (NLR Aleph) 004381994
100 ## - ДАННЫЕ ОБЩЕЙ ОБРАБОТКИ
Данные общей обработки 20060306d18731874|||y0rusy50 ca
101 0# - ЯЗЫК РЕСУРСА
Язык текста, звукозаписи и т.д. русский
102 ## - СТРАНА ПУБЛИКАЦИИ ИЛИ ПРОИЗВОДСТВА
Страна публикации Российская Федерация
105 ## - ПОЛЕ КОДИРОВАННЫХ ДАННЫХ: ТЕКСТОВЫЕ МАТЕРИАЛЫ, МОНОГРАФИЧЕСКИЕ
Кодированные данные о монографическом текстовом документе y z |||||
200 1# - ЗАГЛАВИЕ И СВЕДЕНИЯ ОБ ОТВЕТСТВЕННОСТИ
Основное заглавие Протоколы заседания С.-Петербургского отдела Общества любителей духовного просвещения...
210 ## - ПУБЛИКАЦИЯ, РАСПРОСТРАНЕНИЕ И ДР.
Место издания, распространения и т.д. [Санкт-Петербург
Дата издания, распространения и т.д. 1873]-1874
300 ## - ОБЩИЕ ПРИМЕЧАНИЯ
Текст примечания Загл. последующих протоколов: "Протокол заседания..."
517 0# - ДРУГИЕ ВАРИАНТЫ ЗАГЛАВИЯ
Вариант заглавия Протокол заседания С.-Петербургского отдела Общества любителей духовного просвещения
532 12 - РАСШИРЕННОЕ ЗАГЛАВИЕ
Заглавие Протоколы заседания Санкт-Петербургского отдела Общества любителей духовного просвещения...
710 02 - НАИМЕНОВАНИЕ ОРГАНИЗАЦИИ - ПЕРВИЧНАЯ ОТВЕТСТВЕННОСТЬ
Начальный элемент ввода Общество любителей духовного просвещения
Идентифицирующий признак Москва
Структурное подразделение Петербургский отдел
Идентификатор авторитетной/нормативной записи RU\NLR\AUTH\889963407
Системный номер авторитетной/нормативной записи 423094
801 #0 - ИСТОЧНИК ЗАПИСИ
Страна Российская Федерация
Организация NLR
Правила каталогизации psbo
801 #1 - ИСТОЧНИК ЗАПИСИ
Страна Российская Федерация
Организация ProSoft-M
Источник данных rusmarc
852 ## - МЕСТОНАХОЖДЕНИЕ И ШИФР ХРАНЕНИЯ
Идентификатор организации NLR
Шифр хранения (Call Number) Шифры разные
942 ## - ДОПОЛНИТЕЛЬНЫЕ ЭЛЕМЕНТЫ ЗАПИСИ (АБИС)
Тип экземпляра АБИС Книга

Нет доступных экземпляров.